|
|
|
|
| LEADER |
00000nab#a22000007a#4500 |
| 001 |
arbauad031458 |
| 003 |
AR-BaUAD |
| 005 |
20250711112541.0 |
| 008 |
980616|||||||||###||||||b###|0###a|spa|| |
| 040 |
|
|
|a AR-BaUAD
|c AR-BaUAD
|b spa
|
| 100 |
|
|
|a Annicchiarico, Silvana
|
| 245 |
|
|
|a Expo '98 /
|c Silvana Annicchiarico;
|
| 300 |
0 |
|
|b fot.
|
| 653 |
|
|
|a PORTUGAL
|
| 653 |
|
|
|a LISBOA
|
| 653 |
|
|
|a EXPOSICIONES
|
| 653 |
|
|
|a EXPO LISBOA '98
|
| 653 |
|
|
|a PABELLONES
|
| 653 |
|
|
|a CONSTRUCCION
|
| 773 |
0 |
|
|t MODO
|g no. 187 [mar. 1998], p. 54-57
|
| 942 |
|
|
|c ARTI
|
| 952 |
|
|
|0 0
|1 0
|4 0
|7 0
|9 76377
|a AR-BAuAD
|b AR-BAuAD
|d 2025-07-11
|l 0
|p AAQA031458
|r 2025-07-11 11:25:41
|w 2025-07-11
|y ARTI
|
| 990 |
|
|
|a AQ199
|b TD
|
| 998 |
|
|
|a AAQ
|b BIBUN76
|
| 999 |
|
|
|c 56050
|d 56050
|